000 02517cam a2200373 a 4500
001 15486604
003 OSt
005 20230916144533.0
008 081016s2010 enkab b 001 0 eng
010 _a 2008044854
020 _a9780415401739 (hbk.)
020 _a0415401739 (hbk.)
020 _a9780415403382 (pbk.)
020 _a0415403383 (pbk.)
020 _a9780203878958 (ebook)
020 _a0203878957 (ebook)
035 _a(OCoLC)ocn166360261
040 _aDLC
_cDLC
_dBTCTA
_dBAKER
_dYDXCP
_dTXH
_dBWKUK
_dBWK
_dBWX
_dCDX
_dOCLCQ
_dDLC
050 0 0 _aPE1075
_b.R67 2010
082 0 0 _a420.9
_bMAY/R
245 0 4 _aThe Routledge companion to English language studies /
_cedited by Janet Maybin and Joan Swann.
260 _aLondon ;
_aNew York :
_bRoutledge,
_c2010.
300 _axii, 324 p. :
_bill., maps ;
_c24 cm.
490 0 _aRoutledge companions
504 _aIncludes bibliographical references and index.
505 0 _aIntroduction / Janet Maybin and Joan Swann -- Describing English / Caroline Coffin and Kieran O'Halloran -- Texts and practices / Ann Hewings and Sarah North -- From variation to hybridity / Rajend Mesthrie and Joan Swann -- English and globalization / Alastair Pennycook -- English and creativity / Rob Pope -- 'Hearts and minds' : persuasive language in ancient and modern public debate / Guy Cook -- Computer-mediated English / Brenda Danet -- English language teaching in the outer and expanding circles / Suresh Canagarajah and Selim Ben Said -- English at school in England / Richard Andrews -- Institutional discourse / Celia Roberts -- Using English in the legal process / Diana Eades -- Language, gender and sexuality / Deborah Cameron -- Perspectives on children learning English : from structures to practices / Barbara Mayor -- Academic literacies : new directions in theory and practice / Brian Street -- Spelling as a social practice / Mark Sebba -- Multilingual discourses on wheels and public English in Africa : a case for 'vague linguistique' / Sinfree Makoni and Busi Makoni -- Domesticating the other : English and translation / Susan Bassnett.
650 0 _aEnglish language
_xHistory.
650 0 _aEnglish language
_xStudy and teaching.
700 1 _aMaybin, Janet,
_d1950-
_99508
700 1 _aSwann, Joan.
906 _a7
_bcbc
_corignew
_d1
_eecip
_f20
_gy-gencatlg
942 _2ddc
_cBK
_h420.9
_iMAY/R
_k420.9
_mMAY/R
999 _c42197
_d42197